000 00519nam a2200181Ia 4500
001 13068
005 20260306163026.0
008 260306t1980||||xx |||||||||||||| ||spa||
041 _aESP
082 _aRD 720
_bM44
100 _aDe Mesa, José
_eAUT
245 0 _aGlosario mínimo de términos de arquitectura virreynal en el área andina:
_bcursos de restauración de monumentos y urbanismos
260 _c1980
300 _a78 páginas :
_c20 cm.
650 _aGEN
654 _aCAU
942 _cLIB
_dJUS
_fJUS
_2ddc
_n
999 _c13068
_d13068